| 000 | 00606nam a2200241Ia 4500 | ||
|---|---|---|---|
| 005 | 20250425162623.0 | ||
| 008 | 250425s9999 xx 000 0 und d | ||
| 020 | _a9789978673157 | ||
| 041 | _aspa | ||
| 082 | _a307.3364 | ||
| 100 | _aKINGMAN, EDUARDO | ||
| 245 | 0 | _aSAN ROQUE: INDIGENAS URBANOS, SEGURIDAD Y PATRIMONIO | |
| 250 | _a1A ED. | ||
| 260 |
_aEcuador _bFLACSO, SEDE ECUADOR: HEIFER, ECUADOR _c2012 |
||
| 260 | _aS.L. | ||
| 300 | _a211 | ||
| 650 | _aINDIGENAS | ||
| 650 | _aRACISMO | ||
| 650 | _aSAN ROQUE-QUITO | ||
| 650 | _aSOCIOLOGIA URBANA | ||
| 942 | _c01 | ||
| 010 | _a90601 | ||
| 999 |
_c232980 _d232980 |
||